| 000 | 00989nam a2200277Ia 4500 | ||
|---|---|---|---|
| 003 | CO-CtgCURN | ||
| 005 | 20250409214001.0 | ||
| 008 | 190723s2016 xx 000 0 und d | ||
| 020 | _a9789587693478 | ||
| 040 |
_aCO-CtgCURN _bspa _ccoctgcurn |
||
| 082 |
_a347.05 _bH493 |
||
| 100 |
_aHenao Carrasquilla, Oscar Eduardo _eautor _94906 |
||
| 245 | 0 |
_aCódigo General del Proceso : _banotado / _cOscar Eduardo Henao Carrasquilla |
|
| 250 | _a6 edición | ||
| 260 |
_aBogotá, Colombia : _bLeyer; _bUniAcademia, _c2016 |
||
| 300 |
_a951 páginas ; _c22 centímetros |
||
| 500 | _aIncluye índice | ||
| 504 | _aIncluye referencias bibliográficas | ||
| 521 | _aAREA PROFESIONAL | ||
| 590 | _aConsultorio Jurídico BRQ | ||
| 590 | _aPrograma de Derecho_18 | ||
| 650 |
_aProcedimiento civil _zColombia _94907 |
||
| 650 |
_aDerecho procesal _zColombia _910079 |
||
| 942 |
_cINS _h347.05 _iH493 _2ddc |
||
| 999 |
_c30889 _d30889 |
||